[Event "Niedersachsen-ch U12"]
[Site "Rotenburg"]
[Date "2009.04.08"]
[Round "7"]
[White "Edel, Fenja"]
[Black "Tschirner, Tom Luca"]
[Result "1-0"]
[WhiteElo "1136"]
[BlackElo "913"]
[PlyCount "41"]
[EventDate "2009.04.04"]
[EventType "swiss"]
[EventRounds "11"]
[EventCountry "GER"]
[SourceTitle "EXT 2010"]
[Source "ChessBase"]
[SourceDate "2010.11.25"]
[SourceVersion "1"]
[SourceVersionDate "2010.11.25"]
[SourceQuality "1"]

1. d4 d5 2. e3 Nf6 3. Bd3 Nc6 4. f4 Bg4 5. Nf3 e6 6. c3 Bd6 7. Nbd2 a6 8. 0-0 h6 9. h3 Bh5 10. Qe1 b5 11. Ne5 Bxe5 12. fxe5 Nd7 13. e4 Bg6 14. Qf2 0-0 15. Qf3 dxe4 16. Bxe4 Bxe4 17. Nxe4 Ne7 18. Qg3 Nf5 19. Rxf5 g5 20. Bxg5 hxg5 21. Rxg5+ 1-0

[Event "Niedersachsen-ch U12"]
[Site "Rotenburg"]
[Date "2009.04.08"]
[Round "8"]
[White "Tschirner, Tom Luca"]
[Black "Lienau, Marei"]
[Result "1/2-1/2"]
[WhiteElo "913"]
[BlackElo "854"]
[PlyCount "48"]
[EventDate "2009.04.04"]
[EventType "swiss"]
[EventRounds "11"]
[EventCountry "GER"]
[SourceTitle "EXT 2010"]
[Source "ChessBase"]
[SourceDate "2010.11.25"]
[SourceVersion "1"]
[SourceVersionDate "2010.11.25"]
[SourceQuality "1"]

1. e4 c5 2. Nf3 Nc6 3. c3 g6 4. d4 cxd4 5. cxd4 Bg7 6. Nc3 d6 7. Be3 Nf6 8. Bd3 0-0 9. Qd2 b6 10. Bh6 Bb7 11. Bxg7 Kxg7 12. a3 Rc8 13. b4 e6 14. 0-0 Re8 15. Rac1 e5 16. d5 Nd4 17. Nxd4 exd4 18. Nb5 Nxe4 19. Bxe4 Rxe4 20. Rxc8 Bxc8 21. Nxd4 Qf6 22. Nc6 a6 23. Re1 Rxe1+ 24. Qxe1 Qb2 1/2-1/2